000 00665nam a2200241Ia 4500
003 OSt
005 20220918182329.0
006 a|||||r|||| 00| 0
007 ta
008 220917b |||||||| |||| 00| 0 eng d
024 _a31,949
037 _cTextual
040 _aARTS
_cARTS
_beng
041 _2eng
_aeng
082 _aO-,3M35a, L5 (BB)
100 _aTenney Thomas Asa
_960051
245 0 _aMark Twain
_b a reference guide
260 _aBoston
_bG K Hall
_c1977
490 _aReference guides in literature
650 _aENGLISH LITERATURE
942 _hO-,3M35a, L5 (BB)
_cTEXL
_2CC
999 _c168584
_d168584